| 000 | 00750cam a22002291 4500 | ||
|---|---|---|---|
| 001 | g 01001250 | ||
| 003 | DLC | ||
| 005 | 20260227111254.0 | ||
| 008 | 890501s1889 gw 000 0 ger | ||
| 010 | _ag 01001250 | ||
| 035 | _a(OCoLC)19639648 | ||
| 040 |
_aDLC _cCU-S _dDLC |
||
| 042 | _apremarc | ||
| 050 | 0 | 0 |
_aDU710 _b.H2 |
| 100 | 1 |
_aHager, Carl, _d1861- |
|
| 245 | 1 | 4 |
_aDie Marshall-Inseln in Erd- und Völkerkunde, Handel und Mission. _bMit einem Anhang: Die Gilbert-Inseln _cvon Carl Hager. Mit einer Karte. |
| 250 | _a2. Ausg. | ||
| 260 |
_aLeipzig, _bE. Baldamus, _c1889. |
||
| 300 |
_aiv p., 1 l., 157, [1] p. _bfold map. _c22 cm. |
||
| 651 | 0 |
_aMarshall Islands _xDescription and travel. |
|
| 651 | 0 |
_aKiribati _xDescription and travel. |
|
| 999 |
_c23690 _d23690 |
||